Estudio de seguridad vial en el tramo entrada Esquipulas km 11 ½ - Colegio Pablo Antonio Cuadra – salida al km 12 ½ carretera a Masaya nn-175, Managua
En la investigación se presenta la elaboración de un estudio de las condiciones actuales de la seguridad vial del tramo Entrada Esquipulas Km 11 ½ – Colegio Pablo Antonio Cuadra – Salida al Km 12 ½ Carretera a Masaya NN-175, Managua. Es una investigación dirigida a analizar las causas de los acci...
| Main Authors: | , , |
|---|---|
| Other Authors: | |
| Format: | Tesis Section = Libro |
| Language: | Undetermined Spanish |
| Published: |
Managua
UNI
2020
|
| Subjects: |
| LEADER | 01470nam a2200301Ia 4500 | ||
|---|---|---|---|
| 008 | 240830s9999 xx 000 0 und d | ||
| 040 | |a BIBLIOTECA-RUPAP Mon 363.1251G216 | ||
| 041 | |a spa | ||
| 082 | |a Mon 363.1251G216 | ||
| 100 | 1 | |a García Calero, Emilio Antonio | |
| 100 | 1 | |b Morales Zamora, Marleth Aleska | |
| 100 | 1 | |c López Huembes, Warner Hamed | |
| 245 | 1 | 0 | |a Estudio de seguridad vial en el tramo entrada Esquipulas km 11 ½ - Colegio Pablo Antonio Cuadra – salida al km 12 ½ carretera a Masaya nn-175, Managua |
| 260 | |a Managua |b UNI |c 2020 | ||
| 300 | |a 121 p. :il. | ||
| 500 | |a Contiene: anexos y CD. | ||
| 502 | |a Tesis (Ingeniero Civil)- UNI, 2020. | ||
| 520 | 3 | |a En la investigación se presenta la elaboración de un estudio de las condiciones actuales de la seguridad vial del tramo Entrada Esquipulas Km 11 ½ – Colegio Pablo Antonio Cuadra – Salida al Km 12 ½ Carretera a Masaya NN-175, Managua. Es una investigación dirigida a analizar las causas de los accidentes de tránsito en este tramo urbano y para esto se desarrollaron todos los análisis correspondientes para el estudio. | |
| 650 | 7 | |a SEGUIRIDAD VIAL-NICARAGUA | |
| 650 | 7 | |b ACCIDENTABILIDAD VIAL | |
| 650 | 7 | |c ESTUDIO DE ACCIDENTABILIDAD | |
| 650 | 7 | |d INVENTARIO VIAL | |
| 650 | 7 | |e ACCIDENTE DE TRANSITO | |
| 650 | 7 | |f ESTUDIO DE VELOCIDAD | |
| 700 | 1 | |a Tutor: |b Torrez Rodríguez, Beatriz de los Angeles | |
| 942 | |c BK |2 ddc | ||
| 991 | |a TESIS | ||
| 999 | |c 15563 | ||